Kết quả 3 năm thực hiện đề án 1956 ở Bình Thuận
Salvato in:
| Autore principale: | |
|---|---|
| Natura: | Libro |
| Lingua: | Undetermined |
| Soggetti: | |
| Accesso online: | http://lrc.tdmu.edu.vn/opac/search/detail.asp?aID=2&ID=26527 |
| Tags: |
Aggiungi Tag
Nessun Tag, puoi essere il primo ad aggiungerne! !
|
| Thư viện lưu trữ: | Trung tâm Học liệu Trường Đại học Thủ Dầu Một |
|---|
| LEADER | 00611nam a2200145Ia 4500 | ||
|---|---|---|---|
| 001 | TDMU_26527 | ||
| 008 | 210410s9999 xx 000 0 und d | ||
| 082 | |a 333.73 | ||
| 100 | |a Thảo Lan | ||
| 245 | 0 | |a Kết quả 3 năm thực hiện đề án 1956 ở Bình Thuận | |
| 245 | 0 | |c Thảo Lan | |
| 300 | |a Tr.41-42 | ||
| 650 | |a Đề an 1956; Lao động nông thôn; Chương trình dạy nghề; Bình Thuận; Chính trị xã hội | ||
| 856 | |u http://lrc.tdmu.edu.vn/opac/search/detail.asp?aID=2&ID=26527 | ||
| 980 | |a Trung tâm Học liệu Trường Đại học Thủ Dầu Một | ||